El campo de las pesadillas / (Registro nro. 10202)
[ vista simple ]
| 000 -LIDER | |
|---|---|
| fixed length control field | 00683nam a22002417a 4500 |
| 001 - NÚMERO DE CONTROL | |
| Identificador de número de control | 001246 |
| 003 - IDENTIFICACDOR DE NÚMERO DE CONTROL | |
| control field | DO-SdBNP |
| 005 - DATE AND TIME OF LATEST TRANSACTION | |
| control field | 20180118092422.0 |
| 007 - CAMPOS FIJOS DE DESCRIPCIÓN FÍSICA | |
| fixed length control field | 001246 |
| 008 - ELEMENTOS DE LONGITUD FIJA | |
| fixed length control field | 160523b1997 cl |||| |||| 00| 0 spa d |
| 020 ## - ISBN | |
| International Standard Book Number | 9580432554 |
| 040 ## - FUENTE DE CATALOGACIÓN | |
| Agencia que crea de manera original el registro | BPMSU |
| Idioma de catalogación | spa |
| Agencia que realiza la transcripción | BPMSU |
| 100 ## - ASIENTO PRINCIPAL -- NOMBRE PERSONAL | |
| Nombre personal | Stine, R. L. |
| Fechas asociadas con el nombre | 1943- |
| 245 ## - MENCIÓN DE TITULO | |
| Título | El campo de las pesadillas / |
| Mención de responsabilidad | R. L. Stine ; traducción Manuel Ravassa. |
| 260 ## - PUBLICACIÓN, DISTRIBUCIÓN, ETC. (PIE DE IMPRENTA) | |
| Lugar de publicación, distribución, etc | Barcelona : |
| Nombre del editor, distribuidor, etc. | Editorial Norma, |
| Fecha de publicación, distribución, etc | 1997 |
| 300 ## - DESCRIPCIÓN FÍSICA | |
| Extensión | 142 p. ; |
| Otros detalles físicos | 18 cm. |
| 490 ## - MENCIÓN DE SERIES | |
| Mención de serie | Escalofríos |
| Volume/sequential designation | 9 |
| 700 ## - ASIENTO SECUNDARIO -- NOMBRE PERSONAL | |
| Nombre personal | Ravassa, Manuel |
| Mención de responsabilidad | tr. |
| 830 ## - ASIENTO SECUNDARIO DE SERIE--TÍTULO UNIFORME | |
| Título uniforme | Escalofríos |
| Volume number/sequential designation | 9 |
| 942 ## - ADDED ENTRY ELEMENTS (KOHA) | |
| Source of classification or shelving scheme | Dewey Decimal Classification |
| Koha item type | Libros |
| 945 ## - INFORMACIÓN DE PROCESAMIENTO LOCAL | |
| Información de procesamiento local | inventariado, 2018 / dg |
| 956 ## - LOCAL ELECTRONIC LOCATION AND ACCESS (OCLC) | |
| Nombre de host | VMATEO |
| Número de acceso | 10 |
| Información de compresión | 20160523 |
| Trayectoria | BPMSU |
| Nombre Electrónico | 0069 |
| Withdrawn status | Lost status | Source of classification or shelving scheme | Damaged status | Not for loan | Home library | Current library | Date acquired | Source of acquisition | Total Checkouts | Barcode | Date last seen | Price effective from | Koha item type |
|---|---|---|---|---|---|---|---|---|---|---|---|---|---|
| Dewey Decimal Classification | Biblioteca Pública Metropolitana Salomé Ureña | Biblioteca Pública Metropolitana Salomé Ureña | 05/23/2016 | FUNDI | BPMSU16050428 | 05/23/2016 | 05/23/2016 | Libros |